000
00228nam a22000977a 4500
020
_a
0761452125
100
_a
Stephanie Greene
245
_a
Moose’s Big Idea /
260
_a
New York :
_b
Scholastic Press,
_c
2005
942
_c
BK
999
_c
266110
_d
266109